[Event "Danish Open"]
[Site "SchemingMind.com"]
[Date "2018.04.14"]
[Round "-"]
[White "ray winteringham"]
[Black "davidcook"]
[Result "0-1"]
[WhiteCountry "ENG"]
[BlackCountry "ENG"]
[WhiteElo "1569"]
[WhiteRD "50"]
[BlackElo "1861"]
[BlackRD "65"]
[GameID "427030"]

1. e4 d5 2. exd5 Nf6 3. Nc3 Nxd5 4. Nxd5 Qxd5 5. f3 e5 6. b3 Be6 7. Bb2 f6 8. Bc4 Qc6 9. Bxe6 Qxe6 10. Ne2 Nc6
11. c3 O-O-O 12. Qc2 Bc5 13. O-O-O Rhe8 14. Qxh7 f5 15. Qh4 Be7 16. Qf2 Bg5 17. Kc2 e4 18. f4 Bf6 19. g3 g6 20. Qe3 Ne7
21. Qxa7 Nc6 22. Qf2 Rxd2+ 23. Rxd2 e3 24. Rd8+ Rxd8 25. Qf3 Rd2+ 26. Kb1 Nb4 27. Qf1 Qe4+ 28. Ka1 Nc2+ 29. Kb1 Ne1+ 30. Ka1 Qc2
0-1

[Event "Danish Open"]
[Site "SchemingMind.com"]
[Date "2018.04.15"]
[Round "-"]
[White "pebber"]
[Black "ray winteringham"]
[Result "0-1"]
[WhiteCountry "DEN"]
[BlackCountry "ENG"]
[WhiteElo "1379"]
[WhiteRD "101"]
[BlackElo "1570"]
[BlackRD "54"]
[GameID "427031"]

1. e4 e5 2. Nf3 Nc6 3. Bb5 a6 4. Ba4 b5 5. Bb3 d6 6. h3 Be7 7. c3 h6 8. O-O f5 9. exf5 Bxf5 10. d4 e4
11. Ne1 Qd7 12. a4 Na7 13. Bf4 Nf6 14. axb5 Nxb5 15. Nd2 d5 16. Ba4 c6 17. Nc2 O-O 18. Ne3 Be6 19. Be5 Qb7 20. Qc2 Bf7
21. b4 Nd7 22. Bg3 Bg6 23. Ng4 Bh7 24. Ne3 Bg5 25. Nb3 Nd6 26. Bxd6 Rf7 27. Nc5 Nxc5 28. bxc5 Be7 29. Bxe7 Rxe7 30. Rfb1 Qc7
31. Rb2 Rf7 32. Rab1 Raf8 33. Qb3 g5 34. Qb6 Qc8 35. Bxc6 Rf6 36. Bxd5+ Kh8 37. Qb7 Qxb7 38. Bxb7 h5 39. c6 R6f7 40. d5 Rd8
0-1

[Event "Danish Open"]
[Site "SchemingMind.com"]
[Date "2018.04.18"]
[Round "-"]
[White "Helga1946"]
[Black "Carl Lenox"]
[Result "1-0"]
[WhiteCountry "GER"]
[BlackCountry "CAN"]
[WhiteElo "2070"]
[WhiteRD "51"]
[BlackElo "1281"]
[BlackRD "84"]
[GameID "427066"]

1. c4 b6 2. d4 Bb7 3. a3 g6 4. Qd3 Bg7 5. e4 d6 6. Be2 e5 7. d5 c5 8. Nf3 Nf6 9. Nc3 O-O 10. Ng1 Re8
11. h4 Nbd7 12. h5 Qc7 13. g4 Rad8 14. h6 Bf8 15. g5 Nh5 16. Bxh5 gxh5 17. Nge2 f6 18. Nb5 Qb8 19. Qf3 a6 20. gxf6 Kf7
21. Qxh5+ Kxf6 22. Bg5#
1-0

[Event "Danish Open"]
[Site "SchemingMind.com"]
[Date "2018.04.15"]
[Round "-"]
[White "Phillip Beckett"]
[Black "Carl Lenox"]
[Result "1-0"]
[WhiteCountry "ENG"]
[BlackCountry "CAN"]
[WhiteElo "1503"]
[WhiteRD "56"]
[BlackElo "1288"]
[BlackRD "73"]
[GameID "427068"]

1. d4 g6 2. c4 Nf6 3. Nc3 Bg7 4. e4 d6 5. f3 O-O 6. Be3 c6 7. Qd2 a6 8. O-O-O b5 9. d5 Bb7 10. h4 b4
11. Nb1 Nbd7 12. Bh6 a5 13. Bxg7 c5 14. Bxf8 Qxf8 15. h5 Nxh5 16. g4 Ng3 17. Rh3 Nxf1 18. Rxf1 Ne5 19. Qh6 a4 20. Qxf8+ Rxf8
21. Nd2 Nd3+ 22. Kc2 Nf4 23. Rh2 Ba6 24. b3 a3 25. Nh3 Nxh3 26. Rxh3 Re8 27. Rfh1 h5 28. gxh5 Bc8 29. R3h2 g5 30. h6 Kh7
31. Rh5 f6 32. Nf1 e5 33. Ne3 Rd8 34. Ng4 Rf8 35. Ne3 Bd7 36. Ng4 Be8 37. R5h3 Bg6 38. Nf2 f5 39. exf5 Bxf5+ 40. Kd2 Bxh3
41. Rxh3 g4 42. Nxg4 Kh8 43. Ke3 e4 44. fxe4 Rf1 45. Rf3 Re1+ 46. Kd2 Rxe4 47. Nf6 Re7 48. h7 Rg7 49. Re3 Rg2+ 50. Re2 Rg1
51. Re8+
1-0

[Event "Danish Open"]
[Site "SchemingMind.com"]
[Date "2018.04.15"]
[Round "-"]
[White "ray winteringham"]
[Black "Carl Lenox"]
[Result "1-0"]
[WhiteCountry "ENG"]
[BlackCountry "CAN"]
[WhiteElo "1570"]
[WhiteRD "54"]
[BlackElo "1281"]
[BlackRD "84"]
[GameID "427069"]

1. e4 c5 2. b4 cxb4 3. d4 g6 4. Bb2 d5 5. e5 e6 6. c3 Nc6 7. Nf3 a6 8. Bd3 b5 9. O-O bxc3 10. Nxc3 Bg7
11. a4 b4 12. Ne2 a5 13. Qc1 Bb7 14. Qd2 Nge7 15. Rfc1 O-O 16. h3 Re8 17. Nh2 Nf5 18. Bb5 f6 19. Bxc6 Bxc6 20. f4 Qd7
21. g4 Nh4 22. Qe1 g5 23. Nf1 Bxa4 24. Rc5 f5 25. fxg5 Nf3+ 26. Kf2 Nxe1 27. Kxe1
1-0

[Event "Danish Open"]
[Site "SchemingMind.com"]
[Date "2018.04.15"]
[Round "-"]
[White "Chessibelle"]
[Black "Carl Lenox"]
[Result "1-0"]
[WhiteCountry "ENG"]
[BlackCountry "CAN"]
[WhiteElo "1238"]
[WhiteRD "58"]
[BlackElo "1288"]
[BlackRD "73"]
[GameID "427070"]

1. e4 c5 2. d3 e6 3. Nf3 Nc6 4. Nc3 a6 5. Be2 b5 6. O-O g6 7. a3 b4 8. d4 d5 9. Na4 c4 10. c3 b3
11. h3 Bg7 12. Nc5 Nf6 13. Bg5 a5 14. a4 O-O 15. Ne5 Bb7 16. Nxb7 Qc7 17. Nc5 Nxe4 18. Bf4 Nxc5 19. g4 Nxe5 20. Bg3 f6
21. f4 Nf7 22. Qe1 Nd6 23. Bf2 Nde4 24. Bh4 Qd7 25. Bf3 Nd3 26. Qb1 Nxf4 27. Kh2 Nd3 28. Kg2 Qd6 29. Kh1 Ng3+ 30. Kg1 Nxf1
31. Qxf1 Nxb2 32. Kf2
1-0

[Event "Danish Open"]
[Site "SchemingMind.com"]
[Date "2018.04.20"]
[Round "-"]
[White "Carl Lenox"]
[Black "felixkronlage"]
[Result "1-0"]
[WhiteCountry "CAN"]
[BlackCountry "GER"]
[WhiteElo "1288"]
[WhiteRD "73"]
[BlackElo "1223"]
[BlackRD "75"]
[GameID "427071"]

1. e4 e5 2. Nf3 Nc6 3. Bb5 Nd4 4. Nxe5 Nxb5 5. O-O f6 6. Nf3 Bc5 7. d4 Bd6 8. d5 c5 9. dxc6 dxc6 10. a3 Bg4
11. b4 Qd7 12. c4
1-0

[Event "Danish Open"]
[Site "SchemingMind.com"]
[Date "2018.04.15"]
[Round "-"]
[White "Carl Lenox"]
[Black "Janusz Szopa"]
[Result "0-1"]
[WhiteCountry "CAN"]
[BlackCountry "POL"]
[WhiteElo "1302"]
[WhiteRD "86"]
[BlackElo "2334"]
[BlackRD "81"]
[GameID "427072"]

1. e4 d6 2. d4 Nf6 3. Nc3 g6 4. Nf3 Bg7 5. a3 O-O 6. d5 e6 7. b4 Nxd5 8. Nxd5 exd5 9. Qxd5 Bxa1 10. c4 a5
11. b5 Bc3+ 12. Bd2 Qf6 13. Ng5 Be6 14. Nxe6 fxe6 15. Qxb7 Qxf2+
0-1

[Event "Danish Open"]
[Site "SchemingMind.com"]
[Date "2018.04.15"]
[Round "-"]
[White "Carl Lenox"]
[Black "davidcook"]
[Result "0-1"]
[WhiteCountry "CAN"]
[BlackCountry "ENG"]
[WhiteElo "1288"]
[WhiteRD "73"]
[BlackElo "2104"]
[BlackRD "63"]
[GameID "427073"]

1. e4 d5 2. exd5 Nf6 3. Bc4 Nxd5 4. a3 g6 5. b4 Bg7 6. d4 Nb6 7. Bb3 O-O 8. Nf3 N8d7 9. O-O Nf6 10. Re1 Bg4
11. Nbd2 e6 12. Bb2 a5 13. c4 axb4 14. c5 Nbd5 15. Nc4 Nc3 16. Qd2 Bxf3 17. Bxc3 bxc3 18. Qxc3 Bd5 19. Ne5 Bxb3 20. Qxb3 Qxd4
21. c6 b6 22. Nxf7 Ng4 23. Qxe6 Qxf2+ 24. Kh1 Bxa1
0-1

[Event "Danish Open"]
[Site "SchemingMind.com"]
[Date "2018.04.15"]
[Round "-"]
[White "Carl Lenox"]
[Black "splinter"]
[Result "0-1"]
[WhiteCountry "CAN"]
[BlackCountry "CAN"]
[WhiteElo "1302"]
[WhiteRD "86"]
[BlackElo "1720"]
[BlackRD "173"]
[GameID "427075"]

1. e4 c5 2. Nf3 Nc6 3. d4 cxd4 4. Nxd4 Nf6 5. Nc3 e5 6. Ndb5 d6 7. Nd5 Nxd5 8. exd5 Ne7 9. c4 a6 10. Nc3 g6
11. Ne4 Bg7 12. a3 Nf5 13. Be2 O-O 14. O-O Nd4 15. Bd3 f5 16. Bg5 Qc7 17. b4 fxe4 18. Bxe4 Qxc4 19. Rc1 Ne2+ 20. Kh1 Nxc1
21. Bxc1 Qxe4 22. f3 Qc4 23. Bb2 Bd7 24. Rf2 Rac8 25. Rd2 e4 26. Qe2 Qxe2 27. Rxe2 Bxb2 28. Rxe4 Rc1+
0-1

[Event "Danish Open"]
[Site "SchemingMind.com"]
[Date "2018.04.15"]
[Round "-"]
[White "fanfan_la_Tulipe"]
[Black "Phillip Beckett"]
[Result "1-0"]
[WhiteCountry "AUT"]
[BlackCountry "ENG"]
[WhiteElo "2014"]
[WhiteRD "79"]
[BlackElo "1589"]
[BlackRD "56"]
[GameID "427080"]

1. d4 d5 2. c4 e6 3. Nc3 Nf6 4. cxd5 Nxd5 5. e4 Nxc3 6. bxc3 c5 7. Bb5+ Bd7 8. Qa4 a6 9. Bxd7+ Qxd7 10. Qxd7+ Nxd7
11. Nf3 cxd4 12. cxd4 Bb4+ 13. Ke2 Rc8 14. a3 Ba5 15. Bf4 Rc2+ 16. Bd2 Ke7 17. Kd3 Nc5+ 18. Kxc2
1-0

[Event "Danish Open"]
[Site "SchemingMind.com"]
[Date "2018.04.15"]
[Round "-"]
[White "Carl Lenox"]
[Black "fanfan_la_Tulipe"]
[Result "0-1"]
[WhiteCountry "CAN"]
[BlackCountry "AUT"]
[WhiteElo "1281"]
[WhiteRD "84"]
[BlackElo "2005"]
[BlackRD "77"]
[GameID "427081"]

1. e4 e5 2. Nf3 Nc6 3. Bb5 a6 4. Ba4 Nf6 5. O-O b5 6. Bb3 Bc5 7. Kh1 O-O 8. Re1 d6 9. Re2 Bg4 10. h3 Bxf3
11. gxf3 Nh5 12. Nc3 Nf4 13. Re1 Nxh3 14. Kg2 Nf4+ 15. Kg1 Qg5+
0-1

[Event "Danish Open"]
[Site "SchemingMind.com"]
[Date "2018.04.15"]
[Round "-"]
[White "ray winteringham"]
[Black "fanfan_la_Tulipe"]
[Result "0-1"]
[WhiteCountry "ENG"]
[BlackCountry "AUT"]
[WhiteElo "1569"]
[WhiteRD "50"]
[BlackElo "1997"]
[BlackRD "81"]
[GameID "427082"]

1. e4 e5 2. Nf3 Nc6 3. d3 h6 4. a3 Nf6 5. Bd2 d5 6. exd5 Nxd5 7. Be2 Bd6 8. h3 O-O 9. c4 Nf6 10. Nc3 Bf5
11. Be3 Re8 12. Nd2 Nd4 13. O-O c6 14. b4 Nxe2+ 15. Qxe2 e4 16. d4 Qd7 17. f4 exf3 18. Qxf3 Bg6 19. Bxh6 Nh5 20. Be3 Ng3
21. Rf2 Bh5
0-1

[Event "Danish Open"]
[Site "SchemingMind.com"]
[Date "2018.04.18"]
[Round "-"]
[White "fanfan_la_Tulipe"]
[Black "Helga1946"]
[Result "0-1"]
[WhiteCountry "AUT"]
[BlackCountry "GER"]
[WhiteElo "2005"]
[WhiteRD "77"]
[BlackElo "2070"]
[BlackRD "51"]
[GameID "427083"]

1. d4 d5 2. c4 dxc4 3. e4 b5 4. a4 c6 5. axb5 cxb5 6. Nc3 Bd7 7. d5 a5 8. Nf3 Qc7 9. Nd4 Qb7 10. Be2 g6
11. O-O Bg7 12. Be3 h5 13. f4 b4 14. Na4 Nf6 15. Nc5 Qc7 16. Nf3 O-O 17. Qc2 Ng4 18. Bf2 c3 19. e5 Nxf2 20. Nxd7 Nxd7
21. Rxf2 Nb6 22. Rd1 a4 23. bxc3 b3 24. Qb2 Qc5 25. Ng5 Nxd5 26. Ne4 Qb6
0-1

[Event "Danish Open"]
[Site "SchemingMind.com"]
[Date "2018.04.15"]
[Round "-"]
[White "fanfan_la_Tulipe"]
[Black "splinter"]
[Result "1/2-1/2"]
[WhiteCountry "AUT"]
[BlackCountry "CAN"]
[WhiteElo "2005"]
[WhiteRD "77"]
[BlackElo "1738"]
[BlackRD "89"]
[GameID "427085"]

1. d4 Nf6 2. c4 g6 3. Nc3 Bg7 4. g3 O-O 5. Bg2 d6 6. Nf3 Re8 7. O-O Nbd7 8. e4 e5 9. h3 exd4 10. Nxd4 Nc5
11. Re1 Re5 12. f4 Re7 13. b4 Ncd7 14. Bb2 Nh5 15. Kh2 Rb8 16. Nd5 Re8 17. Qd2 Nb6 18. Nxb6 axb6 19. Bf3 c5 20. Nb5 Bxb2
21. Qxb2 Qf6 22. Qd2 Rd8 23. Bxh5 gxh5 24. Nc7 Kh8 25. Nd5 Qe6 26. Qc3+ Kg8 27. Nf6+ Kf8 28. Nxh7+ Ke7 29. Ng5 Qg6 30. e5 Be6
31. exd6+ Rxd6 32. bxc5 bxc5 33. Ne4 Rc6 34. Qe5 Rg8 35. Re3 Qf5 36. Qxf5 Bxf5 37. Nxc5+ Kd6 38. Ne4+ Bxe4 39. Rxe4 Rgc8 40. Rd1+ Kc5
41. Rd5+ Kb4 42. Rb5+ Ka4 43. Rxb7 Rxc4 44. Ra7+ Kb4 45. a3+ Kb3 46. Re3+ Ka2 47. Re2+ Rc2 48. Rxc2+ Rxc2+ 49. Kg1 Rc1+ 50. Kf2 Rc2+
51. Kf3 Rc3+ 52. Ke4 Rxg3 53. Rxf7 Rxh3 54. Ra7 h4 55. f5 Rh1 56. a4 h3 57. Rh7 h2 58. Ke5 Re1+ 59. Kd6 h1=Q 60. Rxh1 Rxh1
61. f6 Kb3 62. a5 Kb4 63. a6 Kb5 64. a7 Rh8 65. Ke7 Kb6 66. f7 Kxa7 67. f8=Q= Rxf8 68. Kxf8
1/2-1/2

[Event "Danish Open"]
[Site "SchemingMind.com"]
[Date "2018.04.15"]
[Round "-"]
[White "fanfan_la_Tulipe"]
[Black "Chessibelle"]
[Result "1-0"]
[WhiteCountry "AUT"]
[BlackCountry "ENG"]
[WhiteElo "2014"]
[WhiteRD "79"]
[BlackElo "1134"]
[BlackRD "60"]
[GameID "427086"]

1. d4 d5 2. c4 Nf6 3. cxd5 Nxd5 4. e4 Nf6 5. Nc3 e6 6. a3 Nc6 7. Nf3 Be7 8. Bc4 O-O 9. O-O a6 10. h3 g6
11. Be3 Nh5 12. Qe2 Bd7 13. Rad1 Rb8 14. d5 Na5 15. dxe6 Nf6 16. exd7 Bd6 17. e5 Be7 18. exf6 Bxf6 19. Bh6 Bg7 20. Bxg7 Re8
21. dxe8=Q+
1-0

[Event "Danish Open"]
[Site "SchemingMind.com"]
[Date "2018.04.20"]
[Round "-"]
[White "felixkronlage"]
[Black "fanfan_la_Tulipe"]
[Result "0-1"]
[WhiteCountry "GER"]
[BlackCountry "AUT"]
[WhiteElo "1223"]
[WhiteRD "75"]
[BlackElo "2013"]
[BlackRD "78"]
[GameID "427087"]

1. e4 e5 2. Nf3 Nc6 3. d4 exd4 4. Nxd4 Nf6 5. Bg5 h6 6. Bxf6 Qxf6 7. c3 Bc5 8. Bb5 Nxd4 9. cxd4 Bxd4 10. O-O Bxb2
11. Nd2 Bxa1 12. Qxa1 Qxa1 13. Rxa1 O-O 14. e5 a6
0-1

[Event "Danish Open"]
[Site "SchemingMind.com"]
[Date "2018.04.16"]
[Round "-"]
[White "Janusz Szopa"]
[Black "fanfan_la_Tulipe"]
[Result "1/2-1/2"]
[WhiteCountry "POL"]
[BlackCountry "AUT"]
[WhiteElo "2337"]
[WhiteRD "79"]
[BlackElo "2014"]
[BlackRD "80"]
[GameID "427088"]

1. e4 e5 2. Nf3 Nc6 3. Bc4 Nf6 4. d4 exd4 5. e5 d5 6. Bb5 Ne4 7. Nxd4 Bd7 8. Bxc6 bxc6 9. O-O Bc5 10. f3 Ng5
11. f4 Ne4 12. Be3 Bb6 13. Nd2 Nxd2 14. Qxd2 c5 15. Nf3 d4 16. Bf2 Bc6 17. a4 a5 18. f5 Bxf3 19. gxf3 Qd5 20. Bh4 g6
21. Qf4 gxf5 22. Kh1 Qe6 23. Rg1 c6 24. Bf6 Rf8 25. Rg5 Bc7 26. Rxf5 Rb8 27. Rg1 Rxb2 28. Qe4 Rb4 29. Rh5 Qd5 30. Qf5 Qd7
31. Qxh7 Qd5 32. Rf5 d3 33. cxd3 Qxd3 34. Qh3 Rb1 35. Rg5 Rxg1+ 36. Rxg1 Qd7 37. Qf1 Qf5 38. Rg5 Qe6 39. Rg1 Bxe5 40. Bxe5 Qxe5
41. Qd1 Qd5 42. Qe2+ Qe6 43. Qa6 Qd5 44. Re1+ Kd8 45. Qxa5+ Kd7 46. Qc3 Re8 47. Rxe8 Kxe8 48. a5 Kd7 49. h4 Qh5 50. Qf6 c4
51. Kg2 Qg6+ 52. Qxg6 fxg6 53. Kf2 c5 54. Ke3 Kc6 55. Kd2 Kb5 56. Kc3 Kxa5 57. Kxc4 Kb6 58. f4 Kc6 59. f5 gxf5 60. h5 f4
61. h6 f3 62. Kd3 c4+ 63. Ke3 c3 64. h7 c2 65. h8=Q c1=Q+=
1/2-1/2

[Event "Danish Open"]
[Site "SchemingMind.com"]
[Date "2018.04.16"]
[Round "-"]
[White "davidcook"]
[Black "fanfan_la_Tulipe"]
[Result "1/2-1/2"]
[WhiteCountry "ENG"]
[BlackCountry "AUT"]
[WhiteElo "1912"]
[WhiteRD "63"]
[BlackElo "2014"]
[BlackRD "79"]
[GameID "427089"]

1. e4 e5 2. Nf3 Nc6 3. Bc4 Nf6 4. d4 exd4 5. O-O Nxe4 6. Re1 d5 7. Bxd5 Qxd5 8. Nc3 Qa5 9. Nxe4 Be6 10. Neg5 O-O-O
11. Nxe6 fxe6 12. Rxe6 Bd6 13. Bg5 Rde8 14. Qe1 Qxe1+ 15. Raxe1 Kd7 16. Rxe8 Rxe8 17. Rxe8 Kxe8 18. Kf1 Kf7 19. Bd2 Ke6 20. Ng5+ Kf5
21. Nxh7 Nb4 22. Bxb4 Bxb4 23. h4 Be7 24. Ng5=
1/2-1/2

[Event "Danish Open"]
[Site "SchemingMind.com"]
[Date "2018.04.20"]
[Round "-"]
[White "fanfan_la_Tulipe"]
[Black "pebber"]
[Result "1-0"]
[WhiteCountry "AUT"]
[BlackCountry "DEN"]
[WhiteElo "2005"]
[WhiteRD "77"]
[BlackElo "1379"]
[BlackRD "101"]
[GameID "427090"]

1. d4 e6 2. c4 d5 3. Nc3 c6 4. Nf3 Nf6 5. Bg5 Be7 6. e3 Nbd7 7. Qc2 h6 8. Bh4 dxc4 9. Bxc4 O-O 10. a4 Nd5
11. Bg3 N7b6 12. Bb3 Bd6 13. a5 Bxg3 14. hxg3 Qf6 15. axb6
1-0

[Event "Danish Open"]
[Site "SchemingMind.com"]
[Date "2018.04.19"]
[Round "-"]
[White "Carl Lenox"]
[Black "Mitch The Man"]
[Result "0-1"]
[WhiteCountry "CAN"]
[BlackCountry "USA"]
[WhiteElo "1281"]
[WhiteRD "84"]
[BlackElo "1397"]
[BlackRD "64"]
[GameID "427314"]

1. e4 e5 2. Nf3 d6 3. d4 Bg4 4. dxe5 Be7 5. g3 dxe5 6. Bg2 Bxf3 7. Bxf3 Qxd1+ 8. Kxd1 Bf6 9. b3 Ne7 10. Nc3 O-O
11. Be3 a6 12. Ke2 Rd8 13. Rad1 Rxd1 14. Rxd1 h6 15. Kf1 Nbc6 16. a3 Kh7 17. Rd7 Rc8 18. Nd5 Nxd5 19. exd5 Ne7 20. c4 Kg8
0-1

[Event "Danish Open"]
[Site "SchemingMind.com"]
[Date "2018.04.19"]
[Round "-"]
[White "Phillip Beckett"]
[Black "Mitch The Man"]
[Result "0-1"]
[WhiteCountry "ENG"]
[BlackCountry "USA"]
[WhiteElo "1589"]
[WhiteRD "56"]
[BlackElo "1412"]
[BlackRD "63"]
[GameID "427315"]

1. d4 d5 2. c4 e6 3. Nc3 Bb4 4. e3 Bxc3+ 5. bxc3 Ne7 6. Nf3 O-O 7. cxd5 Nxd5 8. Qc2 a6 9. Ba3 Re8 10. c4 Nf6
11. Bd3 b6 12. O-O g6 13. Ne5 Bb7 14. f3 Nfd7 15. Nxd7 Qxd7 16. Bb2 Qe7 17. e4 Nd7 18. Qc3 Qf6 19. Qc2 Qe7 20. d5 e5
21. a4 Qf6 22. Ba3 Qg7 23. f4 exf4 24. Rxf4 Qxa1+
0-1

[Event "Danish Open"]
[Site "SchemingMind.com"]
[Date "2018.04.19"]
[Round "-"]
[White "ray winteringham"]
[Black "Mitch The Man"]
[Result "1-0"]
[WhiteCountry "ENG"]
[BlackCountry "USA"]
[WhiteElo "1580"]
[WhiteRD "52"]
[BlackElo "1412"]
[BlackRD "63"]
[GameID "427316"]

1. e4 e5 2. Nf3 Bd6 3. c3 Ne7 4. d4 Ng6 5. d5 O-O 6. Be2 h6 7. O-O Nf4 8. Bxf4 exf4 9. g3 fxg3 10. fxg3 Bc5+
11. Kg2 a6 12. c4 d6 13. a3 Qf6 14. Nc3 Qe7 15. b4 Ba7 16. a4 Qf6 17. Qd2 Qg6 18. Bd3 Qh5 19. Be2 Qh3+ 20. Kh1 Qd7
21. b5 a5 22. Bd1 Qh3 23. Ng1 Qxf1 24. Qg2 Qxc4 25. Nge2 Bd4 26. Rc1 Be3 27. Rc2 Qb4 28. Qf3 Bc5 29. Qd3 Bg4 30. Kg2 Bxe2
31. Qxe2 Qd4 32. Qf1 Qe5 33. Qd3 b6 34. Re2 Nd7 35. Bc2 Bd4 36. Nd1 Nc5 37. Qf3 g6 38. Ne3 Kg7 39. Ng4 Qe7 40. Qf4 g5
41. Qf5 h5 42. e5 hxg4 43. Qh7#
1-0

[Event "Danish Open"]
[Site "SchemingMind.com"]
[Date "2018.04.18"]
[Round "-"]
[White "Mitch The Man"]
[Black "fanfan_la_Tulipe"]
[Result "0-1"]
[WhiteCountry "USA"]
[BlackCountry "AUT"]
[WhiteElo "1412"]
[WhiteRD "63"]
[BlackElo "2014"]
[BlackRD "79"]
[GameID "427317"]

1. e4 e5 2. Nf3 Nc6 3. Bc4 Nf6 4. d3 h6 5. O-O Bc5 6. c3 d6 7. Bb5 Bd7 8. Bxc6 Bxc6 9. b4 Bb6 10. Qc2 O-O
11. Na3 a6 12. h3 Nh5 13. Nc4 Ba7 14. h4 Bd7 15. Be3 Bg4 16. Bxa7 Rxa7 17. Ne3 Bxf3 18. gxf3 Qxh4 19. Ng2 Qg5 20. Kh2 Nf4
21. Nxf4 Qxf4+ 22. Kg2 f5 23. Rh1 fxe4 24. dxe4 Qxf3+ 25. Kg1 Rf4 26. Rh2 Rg4+ 27. Kf1 Rxe4 28. Re1 Rxe1+ 29. Kxe1 e4 30. a4 Ra8
31. Qd2 Rf8 32. b5 axb5 33. axb5 Rf5 34. Qa2+ Kh7 35. Qe2 Qxc3+ 36. Qd2 Qxd2+ 37. Kxd2 Rxb5
0-1

[Event "Danish Open"]
[Site "SchemingMind.com"]
[Date "2018.04.18"]
[Round "-"]
[White "Mitch The Man"]
[Black "Helga1946"]
[Result "0-1"]
[WhiteCountry "USA"]
[BlackCountry "GER"]
[WhiteElo "1412"]
[WhiteRD "63"]
[BlackElo "2265"]
[BlackRD "60"]
[GameID "427318"]

1. e4 e5 2. Nf3 Nc6 3. Bc4 Bc5 4. O-O d6 5. h3 Qf6 6. c3 Nge7 7. b4 Bb6 8. a4 a6 9. a5 Ba7 10. d3 Qg6
11. Bb3 Bxh3 12. Nh4 Qg4 13. Qxg4 Bxg4 14. Be3 Be2 15. Re1 Bxe3 16. Rxe2 Bh6 17. Nf5 Nxf5 18. exf5 Ne7 19. Na3 Nxf5 20. Rae1 O-O
21. g3 g6 22. Nc4 Rfd8 23. Kg2 Bg7 24. Ne3 Ne7 25. Nd5 Nxd5 26. Bxd5 c6 27. Bb3 d5 28. Ba4 Rac8 29. Kh2 c5 30. b5 e4
31. d4 cxd4 32. cxd4 Bxd4 33. bxa6 bxa6 34. Rd1 Bf6
0-1

[Event "Danish Open"]
[Site "SchemingMind.com"]
[Date "2018.04.18"]
[Round "-"]
[White "Mitch The Man"]
[Black "splinter"]
[Result "0-1"]
[WhiteCountry "USA"]
[BlackCountry "CAN"]
[WhiteElo "1412"]
[WhiteRD "63"]
[BlackElo "1736"]
[BlackRD "114"]
[GameID "427320"]

1. e4 c5 2. e5 Nc6 3. Nf3 e6 4. Bb5 Nge7 5. O-O a6 6. Bxc6 Nxc6 7. c3 Be7 8. b3 b6 9. Ba3 Bb7 10. d3 g5
11. Re1 g4 12. Nfd2 h5 13. g3 Qc7 14. Bb2 O-O-O 15. c4 Rdg8 16. Qe2 Ba8 17. Qe4 Kb8 18. Qe2 h4 19. Na3 hxg3 20. fxg3 Rg6
21. Rf1 Rgh6 22. Rf2 f6 23. Raf1 f5 24. Nc2 Nd8 25. Qe3 Nf7 26. Bc3 Ng5
0-1

[Event "Danish Open"]
[Site "SchemingMind.com"]
[Date "2018.04.18"]
[Round "-"]
[White "Mitch The Man"]
[Black "Chessibelle"]
[Result "1-0"]
[WhiteCountry "USA"]
[BlackCountry "ENG"]
[WhiteElo "1412"]
[WhiteRD "63"]
[BlackElo "1134"]
[BlackRD "60"]
[GameID "427321"]

1. e4 e5 2. Nf3 d6 3. h3 Nf6 4. Bd3 Be7 5. O-O O-O 6. Qe1 Nc6 7. a3 b6 8. b4 d5 9. Bb2 d4 10. Bb5 Bd7
11. Bxc6 Bxc6 12. d3 Nh5 13. Nxe5 Ba4 14. Qd1 Qd6 15. Nc4 Qg6 16. Ne5 Qg5 17. Bxd4 Nf4 18. Ng4 Bd7 19. f3 f6 20. Kf2 Qh4+
21. Kg1 h6 22. Bf2 Qh5 23. Bg3 a5 24. Bxf4 Ra7 25. b5 Qxb5 26. Bd2 Qb2 27. Bc3 Qb5 28. Kh1 Qh5 29. a4 c6 30. Nf2 Bd6
31. Be1 Bf4 32. g4 Qg6 33. Rg1 Qg5 34. Rg2 Qg6 35. Bd2 Be5 36. c3 b5 37. f4 Bc7 38. f5 Qf7 39. Be3 Rb7 40. Qc2 Qe8
41. Bc5 Rf7 42. Qb2 Qe5 43. Na3 Qxc5 44. d4 Qd6 45. axb5 cxb5 46. Nc2 Bb6 47. Nd3 Qe7 48. Re1 a4 49. Ndb4 Qd8 50. Nd5 Ba7
51. Nf4 Bc6 52. Ne6 Qd6 53. Nb4 Bd7 54. Nd8 Qb8 55. Nxf7 Kxf7 56. Qa2+ Kf8 57. Qa3 Ke8 58. Nd5 Qd8 59. Qa2 Bc6 60. Nb4 Kf8
61. Nxc6 Qd7 62. Nxa7 Rxa7 63. Qa3+ Ke8 64. Qa2 Qc7 65. Qg8+ Kd7 66. Qxg7+ Kc8 67. Qf8+ Kb7 68. Qxf6 Qxc3 69. Qe7+ Ka6 70. Qd6+ Ka5
71. Qd8+ Kb4 72. Rb1+ Ka3 73. Qf8+ b4 74. Qxh6 Rc7 75. Qf4 Rd7 76. Qf1 Qxh3+ 77. Kg1 Rxd4 78. Qc1#
1-0

[Event "Danish Open"]
[Site "SchemingMind.com"]
[Date "2018.04.21"]
[Round "-"]
[White "felixkronlage"]
[Black "Mitch The Man"]
[Result "0-1"]
[WhiteCountry "GER"]
[BlackCountry "USA"]
[WhiteElo "1291"]
[WhiteRD "77"]
[BlackElo "1397"]
[BlackRD "64"]
[GameID "427322"]

1. c4 e5 2. d3 Nf6 3. Nf3 h6 4. e4 Bb4+ 5. Bd2 Bxd2+ 6. Qxd2 O-O 7. Nxe5 d6 8. Be2 dxe5 9. f4 Qd4 10. Na3 a6
0-1

[Event "Danish Open"]
[Site "SchemingMind.com"]
[Date "2018.04.19"]
[Round "-"]
[White "Janusz Szopa"]
[Black "Mitch The Man"]
[Result "1-0"]
[WhiteCountry "POL"]
[BlackCountry "USA"]
[WhiteElo "2356"]
[WhiteRD "76"]
[BlackElo "1412"]
[BlackRD "63"]
[GameID "427323"]

1. e4 e5 2. Nf3 Bd6 3. c3 Ne7 4. Bc4 h6 5. d4 O-O 6. dxe5 Bc5 7. b4 Bb6 8. a4 a6 9. Na3 Kh8 10. Ba2 Ng6
11. Nc4 Ba7 12. O-O b6 13. b5 a5 14. Qd5 c6 15. Qd4 Bb7 16. Nd6 Qc7 17. Nxf7+ Kh7 18. N3g5+ hxg5 19. Nxg5+ Kh8 20. Qd1
1-0

[Event "Danish Open"]
[Site "SchemingMind.com"]
[Date "2018.04.19"]
[Round "-"]
[White "davidcook"]
[Black "Mitch The Man"]
[Result "1-0"]
[WhiteCountry "ENG"]
[BlackCountry "USA"]
[WhiteElo "1912"]
[WhiteRD "63"]
[BlackElo "1412"]
[BlackRD "63"]
[GameID "427324"]

1. e4 e5 2. Nf3 d6 3. d4 Qe7 4. Nc3 c6 5. Be2 Nd7 6. O-O h6 7. a4 a5 8. Be3 Qf6 9. Na2 Ne7 10. c4 b6
11. d5 c5 12. Nc3 Ng6 13. Nb5 Kd8 14. Qd2 Nb8 15. h3 Na6 16. Nh2 Bd7 17. f4 Bxb5 18. cxb5 Nb4 19. f5 Ne7 20. Ng4 Qh4
21. Kh2 Nc8 22. f6 g5 23. g3 Qh5 24. Nxe5 g4 25. Nxg4 Qg6 26. Rf5 Kc7 27. Raf1 Kb8 28. Nf2 Ra7 29. Bh5 Qg8 30. Ng4 Rh7
31. Nxh6 Qh8 32. Nxf7 Raxf7 33. g4 Ka7 34. Qg2 Nd3 35. Bxf7 Rxf7 36. g5 Rh7 37. g6 Rh4 38. g7 Bxg7 39. fxg7
1-0

[Event "Danish Open"]
[Site "SchemingMind.com"]
[Date "2018.04.18"]
[Round "-"]
[White "Mitch The Man"]
[Black "pebber"]
[Result "1-0"]
[WhiteCountry "USA"]
[BlackCountry "DEN"]
[WhiteElo "1397"]
[WhiteRD "64"]
[BlackElo "1379"]
[BlackRD "101"]
[GameID "427325"]

1. e4 e6 2. e5 c5 3. c4 Nc6 4. Nf3 Qc7 5. Qe2 Nge7 6. g3 Ng6 7. Bg2 Ngxe5 8. Nxe5 Qxe5 9. Qxe5 Nxe5 10. Na3 a6
11. O-O Be7 12. d3 Nxd3 13. Bd2 Nxb2 14. Bc3 Bf6 15. Bxf6 gxf6 16. Rab1 Nd3 17. Bxb7 Bxb7 18. Rxb7 Nb4 19. Rd1 Rd8 20. Rd2 Ke7
21. Nb1 Nc6 22. Nc3 Nd4 23. Kg2 Rb8 24. Rxb8 Rxb8 25. Ne4 d6 26. g4 Rb4 27. g5 fxg5 28. Nxg5 Rxc4 29. Nxh7 Nf5 30. h3 d5
31. Ng5 Kf6 32. Nf3 Nh4+ 33. Nxh4 Rxh4 34. Rd3
1-0